Countries the Equator runs through - Statistics

General Stats
  • This quiz has been taken 17 times
  • The average score is 9 of 11
Answer Stats
Picture Answer % Correct
Brazil
100%
Colombia
94%
Ecuador
94%
Kenya
88%
D.R Congo
81%
Indonesia
81%
Somalia
81%
Uganda
81%
Congo
75%
Kiribati
75%
Gabon
63%
No matching quizzes found
Score Distribution
Percent of People with Each Score
Percentile by Number Answered
Your Score History
You have not taken this quiz